Keralathile dalit munnetangalude charithram/ (Record no. 181814)

000 -LEADER
fixed length control field 00420nam a22001577a 4500
020 ## - INTERNATIONAL STANDARD BOOK NUMBER
ISBN 9788119443307
082 ## - DEWEY DECIMAL CLASSIFICATION NUMBER
Classification number 305.568 8
Item number MUH/K
100 ## - MAIN ENTRY--AUTHOR NAME
Personal name Muhammed Maheen A
245 ## - TITLE STATEMENT
Title Keralathile dalit munnetangalude charithram/
Statement of responsibility, etc by Muhammed Maheen A
260 ## - PUBLICATION, DISTRIBUTION, ETC. (IMPRINT)
Place of publication Kozhikode:
Name of publisher Pusthakalokam,
Year of publication 2023.
300 ## - PHYSICAL DESCRIPTION
Number of Pages 188p.
650 ## - SUBJECT ADDED ENTRY--TOPICAL TERM
Topical Term Dalits Kerala
650 ## - SUBJECT ADDED ENTRY--TOPICAL TERM
Topical Term Dalits History
650 ## - SUBJECT ADDED ENTRY--TOPICAL TERM
Topical Term Social Science
942 ## - ADDED ENTRY ELEMENTS (KOHA)
Koha item type Book
Holdings
Withdrawn status Lost status Damaged status Not for loan Permanent Location Current Location Shelving location Date acquired Cost, normal purchase price Full call number Accession Number Price effective from Koha item type
        Sree Sankaracharya University of Sanskrit Sree Sankaracharya University of Sanskrit Stacks 26.05.2026 370.00 R 305.568 8 MUH/K 108927 26.05.2026 Book